Sports Quiz

Random Sports or WWE Quiz

90 Second Blitz: WWE Champions Quiz Stats

 Plays Quiz Updated Oct 18, 2018

Challenge
Share
Tweet
Embed
Score 0/50 Timer 01:30
33 Plays Today
% Correct
John Cena
82.2%
Triple H
81.5%
Hulk Hogan
77.7%
The Rock
74.2%
The Undertaker
73.1%
Steve Austin
70%
Shawn Michaels
68.4%
Randy Orton
64.8%
Kane
61.7%
Roman Reigns
57.5%
Bret Hart
56.8%
Dean Ambrose
55.9%
Seth Rollins
55.6%
Edge
52.6%
CM Punk
51.8%
Randy Savage
51.6%
Ric Flair
51.5%
AJ Styles
50.9%
The Big Show
49.3%
Jinder Mahal
47.7%
The Ultimate Warrior
44.8%
Brock Lesnar
44.7%
Batista
43.7%
Mankind
42.9%
Daniel Bryan
42.4%
% Correct
Kurt Angle
41.9%
Andre the Giant
41.1%
Bray Wyatt
40.6%
Bruno Sammartino
40.4%
Chris Jericho
40%
Diesel
38.5%
The Miz
36.7%
Rey Mysterio
36.4%
Bob Backlund
34.5%
Alberto Del Rio
34.5%
Sheamus
34.2%
Yokozuna
33.4%
Eddie Guerrero
31.6%
Buddy Rogers
31.4%
Mr. McMahon
31.2%
Jeff Hardy
31%
The Iron Sheik
30.7%
John Bradshaw Layfield
29.5%
Sgt. Slaughter
28.9%
Sycho Sid
27.9%
Pedro Morales
25.7%
Rob Van Dam
23.7%
Ivan Koloff
23.4%
Billy Graham
23.2%
Stan Stasiak
22.1%

You're not logged in!

Compare scores with friends on all Sporcle quizzes.
OR
Log In

You Might Also Like...

Show Comments

Extras

Top Quizzes Today


Score Distribution

Your Account Isn't Verified!

In order to create a playlist on Sporcle, you need to verify the email address you used during registration. Go to your Sporcle Settings to finish the process.

Report this User

Report this user for behavior that violates our Community Guidelines.

Details: